[Event "21st Chicago Open"]
[Site "Wheeling USA"]
[Date "2012.05.25"]
[Round "3"]
[White "Homa, Seth"]
[Black "Kekelidze, Mikheil"]
[Result "0-1"]
[WhiteTitle "FM"]
[BlackTitle "GM"]
[WhiteElo "2303"]
[BlackElo "2494"]
[WhiteFideId "2031779"]
[BlackFideId "13600818"]
[EventDate "2012.05.24"]
[EventType "swiss"]

1. e4 c5 2. Nf3 e6 3. d4 cxd4 4. Nxd4 a6 5. Nc3 Qc7 6. Bd3 Nf6 7. O-O Nc6 8. Be3
Ne5 9. h3 Bc5 10. f4 Ng6 11. Kh1 d6 12. Qe1 O-O 13. f5 Ne5 14. Qh4 Bd7 15. Rf3
exf5 16. exf5 Nxf3 17. gxf3 Rfe8 18. Bg5 Bxd4 19. Qxd4 Bc6 20. Qf4 Qe7 21. Rg1
Kh8 22. Qg3 Rg8 23. Ne2 Rae8 24. Nf4 Qe5 25. b3 Bd7 26. Ng6+ fxg6 27. Bf4 Qd5
28. fxg6 Nh5 29. Qf2 Nxf4 30. gxh7 Rgf8 0-1

[Event "21st Chicago Open"]
[Site "Wheeling USA"]
[Date "2012.05.25"]
[Round "3"]
[White "Coraretti, Benjamin"]
[Black "Yang, Darwin"]
[Result "0-1"]
[BlackTitle "IM"]
[WhiteElo "2066"]
[BlackElo "2476"]
[WhiteFideId "2024306"]
[BlackFideId "2029111"]
[EventDate "2012.05.24"]
[EventType "swiss"]

1. d4 Nf6 2. c4 e6 3. g3 d5 4. Nf3 c6 5. Bg2 Nbd7 6. Qc2 Be7 7. O-O O-O 8. b3 b6
9. Bb2 Ba6 10. Nbd2 Rc8 11. Rac1 c5 12. Qb1 cxd4 13. Bxd4 Ba3 14. Bb2 Qe7 15.
Rfe1 dxc4 16. Nxc4 Bxc4 17. bxc4 Bxb2 18. Qxb2 Rc7 19. Nd2 Rfc8 20. Rc2 Ne8 21.
Rec1 Nd6 22. Qb4 Kf8 23. h4 h6 24. Rc3 Nc5 25. Bf3 Rd8 26. R3c2 Nf5 27. Nb3 Nd4
28. Nxd4 Rxd4 29. Rd2 Nb3 30. Qxe7+ Kxe7 31. Rxd4 Nxc1 32. a3 Nb3 33. Rd3 Na5
34. e3 Nxc4 35. Be2 Nd6 36. Rb3 Ne4 37. Bd3 Rc3 38. Rxc3 Nxc3 39. Kf1 Kd6 40.
Ke1 Kc5 41. Kd2 Nb5 42. a4 Nc7 43. Kc3 Nd5+ 44. Kb3 Nf6 45. f3 Nd5 46. e4 Nc7
47. Bb1 Kd4 48. f4 f6 49. g4 e5 0-1

[Event "21st Chicago Open"]
[Site "Wheeling USA"]
[Date "2012.05.25"]
[Round "3"]
[White "Coleman, Teddy"]
[Black "Troff, Kayden W"]
[Result "0-1"]
[WhiteTitle "FM"]
[BlackTitle "FM"]
[WhiteElo "2407"]
[BlackElo "2276"]
[WhiteFideId "2022010"]
[BlackFideId "2047896"]
[EventDate "2012.05.24"]
[EventType "swiss"]

1. d4 Nf6 2. Nf3 g6 3. Bf4 Bg7 4. e3 O-O 5. Be2 d6 6. h3 Nfd7 7. Bh2 Nc6 8. O-O
e5 9. c4 exd4 10. exd4 Qf6 11. d5 Qxb2 12. dxc6 Qxa1 13. cxd7 Bxd7 14. Qb3 Rae8
15. Bd3 Bc6 16. Na3 Qf6 17. Nb5 Bxf3 18. gxf3 Re7 19. c5 Qg5+ 20. Kh1 0-1

[Event "21st Chicago Open"]
[Site "Wheeling USA"]
[Date "2012.05.25"]
[Round "3"]
[White "Perelshteyn, Eugene"]
[Black "Aung Thant Zin"]
[Result "1/2-1/2"]
[WhiteTitle "GM"]
[BlackTitle "FM"]
[WhiteElo "2526"]
[BlackElo "2299"]
[WhiteFideId "2012529"]
[BlackFideId "13000063"]
[EventDate "2012.05.24"]
[EventType "swiss"]

1. d4 Nf6 2. c4 e6 3. Nc3 Bb4 4. g3 d5 5. Bg2 c6 6. Qb3 a5 7. Nf3 Nbd7 8. O-O
O-O 9. Bf4 b6 10. cxd5 exd5 11. a3 Bxc3 12. Qxc3 Bb7 13. Qc2 Re8 14. Nh4 g6 15.
Bg5 Nf8 16. Nf3 Ne6 17. Bh4 h6 18. Bxf6 Qxf6 19. e3 c5 20. Rfd1 Red8 21. Rd2 Rd6
22. Re1 Rad8 23. Ne5 c4 24. b3 cxb3 25. Qxb3 Rc8 26. Rdd1 Kg7 27. Rc1 Qd8 28.
Qb1 Ng5 29. f3 Qe8 30. h4 Ne6 31. Bf1 Nf8 32. Bh3 Ne6 33. f4 Rxc1 34. Rxc1 Qe7
35. h5 Nf8 36. Qc2 Rf6 37. Qd3 gxh5 38. Rc3 h4 39. gxh4 Ng6 40. Nf3 Rc6 41. h5
Rxc3 42. Qxc3 Nh4 43. Nd2 Ba6 44. Kf2 Qf6 45. Qc2 Qe7 46. Qc3 Bb5 47. Bg4 Bd7
48. Qc7 Nf5 49. Bxf5 Qh4+ 50. Kg2 Bxf5 51. Qe5+ Qf6 52. Qxd5 Bg4 53. Kg3 Be2 54.
Kf2 Bd1 55. Ke1 Bg4 56. Qe5 b5 57. Ne4 Qxe5 58. fxe5 Bxh5 59. Nf6 Bf3 60. d5 Kf8
61. Kf2 Bd1 62. e4 b4 63. axb4 axb4 64. Ke1 Bf3 65. Kd2 h5 66. Nh7+ Ke7 67. Ng5
Bg4 68. Kc2 h4 69. Kb3 h3 70. Nxh3 Bxh3 71. Kxb4 Bg2 72. Kc5 Bxe4 73. Kc6 Bg2
74. Kc5 Bh3 75. Kc6 Bd7+ 76. Kc7 Bg4 77. Kc6 Kd8 78. Kd6 Bh3 79. Kc6 Bg4 80. Kd6
Ke8 81. Kc7 Ke7 82. Kc6 Bd7+ 83. Kc7 Ba4 84. Kc8 Bd7+ 85. Kc7 Be8 86. Kc8 1/2-1/2

[Event "21st Chicago Open"]
[Site "Wheeling USA"]
[Date "2012.05.25"]
[Round "3"]
[White "Amanov, Mesgen"]
[Black "Melekhina, Alisa"]
[Result "1-0"]
[WhiteTitle "GM"]
[BlackTitle "FM"]
[WhiteElo "2518"]
[BlackElo "2242"]
[WhiteFideId "14000652"]
[BlackFideId "2022613"]
[EventDate "2012.05.24"]
[EventType "swiss"]

1. d4 Nf6 2. c4 g6 3. g3 Bg7 4. Bg2 O-O 5. Nc3 d6 6. Nf3 Nc6 7. O-O Bf5 8. d5
Na5 9. Nd2 c5 10. e4 Bd7 11. Qc2 e5 12. b3 a6 13. Bb2 b5 14. Rae1 Rb8 15. Nd1
bxc4 16. bxc4 h5 17. Bc3 h4 18. Ne3 Nh5 19. Bf3 Bh6 20. Bxh5 gxh5 21. Nf5 Bxf5
22. exf5 hxg3 23. fxg3 f6 24. Ne4 Nxc4 25. Qe2 Nb6 26. Qxh5 Bg7 27. Qe2 Qd7 28.
Qxa6 Rfd8 29. Rb1 Na4 30. Bd2 Nb2 31. Bc1 Ra8 32. Qe2 Na4 33. Qg4 Kf8 34. Qh4
Qf7 35. Bh6 Ra7 36. Nxf6 Nc3 37. Bxg7+ Qxg7 38. Ne4 Ne2+ 39. Kf2 Rda8 40. Kxe2
Rxa2+ 41. Ke1 R2a4 42. f6 Qg6 43. Qh8+ 1-0

[Event "21st Chicago Open"]
[Site "Wheeling USA"]
[Date "2012.05.25"]
[Round "3"]
[White "Sarkar, Justin"]
[Black "Vibbert, Sean"]
[Result "1-0"]
[WhiteTitle "IM"]
[WhiteElo "2411"]
[BlackElo "2214"]
[WhiteFideId "2010011"]
[BlackFideId "2030292"]
[EventDate "2012.05.24"]
[EventType "swiss"]

1. d4 d5 2. c4 e6 3. Nc3 Nf6 4. Bg5 Nbd7 5. e3 c6 6. Nf3 Qa5 7. cxd5 exd5 8. Nd2
Ne4 9. Ndxe4 dxe4 10. Bh4 Bb4 11. Qc2 Nb6 12. Be2 Nd5 13. O-O Bxc3 14. bxc3 Nxc3
15. Bc4 Qh5 16. Bg3 b5 17. Bb3 b4 18. Bd6 a5 19. a3 Kd7 20. axb4 Ne2+ 21. Kh1
Kxd6 22. Bc4 Ba6 23. Bxa6 Rxa6 24. bxa5 Rha8 25. Rae1 Rxa5 26. Rxe2 Qb5 27. Rfe1
Qd3 28. h3 Qxc2 29. Rxc2 Ra1 30. Rxa1 Rxa1+ 31. Kh2 Ra5 32. g4 c5 33. dxc5+ Rxc5
34. Ra2 Rc7 35. Kg3 g5 36. Ra6+ Ke5 37. h4 gxh4+ 38. Kxh4 f6 39. Kg3 Rc1 40. Kg2
Rc7 41. Ra5+ Ke6 42. Rh5 Rg7 43. Kg3 Rg5 44. Kf4 Rg7 45. Ra5 Re7 46. Kxe4 h6 47.
f4 Rb7 48. Rh5 Rg7 49. Kf3 Rh7 50. e4 Rh8 51. Ke3 Rg8 52. Rxh6 Rxg4 53. e5 Rg3+
54. Ke4 Rg7 55. f5+ Kf7 56. Rxf6+ Ke7 57. Rg6 Rh7 58. Rg7+ Rxg7 59. f6+ Kf7 60.
fxg7 Kxg7 61. Kd5 Kf7 62. Kd6 Ke8 63. Ke6 Kd8 64. Kf6 Ke8 65. Ke6 Kd8 66. Kf7 1-0

[Event "21st Chicago Open"]
[Site "Wheeling USA"]
[Date "2012.05.25"]
[Round "3"]
[White "Hess, Peter"]
[Black "Williams, John M"]
[Result "1/2-1/2"]
[WhiteElo "1929"]
[BlackElo "2111"]
[WhiteFideId "2055066"]
[BlackFideId "2046636"]
[EventDate "2012.05.24"]
[EventType "swiss"]

1. e4 c5 2. Nf3 Nc6 3. d4 cxd4 4. Nxd4 g6 5. g3 Bg7 6. Nxc6 bxc6 7. Nc3 e6 8.
Bg2 Ba6 9. Ne2 d5 10. exd5 cxd5 11. O-O Ne7 12. Re1 O-O 13. Nd4 Qd7 14. c3 Nc8
15. Nb3 Nb6 16. Nc5 Qc8 17. Nxa6 Qxa6 18. Bf1 Qb7 19. Qb3 Rfc8 20. Be3 Rab8 21.
Bf4 Ra8 22. Be3 Qc7 23. Bxb6 axb6 24. Bb5 Qc5 25. Re2 Rc7 26. a4 Rd8 27. Qa3 d4
28. Qxc5 Rxc5 29. Rd1 e5 30. cxd4 exd4 31. b3 Rc3 32. Bc4 Kf8 33. Red2 Rc8 34.
Rd3 Rc2 35. Rf3 Rc7 36. g4 Be5 37. Kg2 g5 38. Bd3 R2c3 39. Bxh7 Rxf3 40. Kxf3
Rc3+ 1/2-1/2

[Event "21st Chicago Open"]
[Site "Wheeling USA"]
[Date "2012.05.26"]
[Round "4"]
[White "Kekelidze, Mikheil"]
[Black "Ivanisevic, Ivan"]
[Result "0-1"]
[WhiteTitle "GM"]
[BlackTitle "GM"]
[WhiteElo "2494"]
[BlackElo "2655"]
[WhiteFideId "13600818"]
[BlackFideId "912417"]
[EventDate "2012.05.24"]
[EventType "swiss"]

1. d4 d5 2. c4 c6 3. Nf3 Nf6 4. Nc3 e6 5. cxd5 exd5 6. Bg5 Bf5 7. Qb3 Nbd7 8.
Qxb7 Rb8 9. Qxc6 Rxb2 10. g4 Rb6 11. Bxf6 gxf6 12. Qa4 Qc8 13. Rc1 Bxg4 14. Bg2
Rc6 15. Qb3 Rg8 16. O-O Bh6 17. Rc2 Bf5 18. e4 Rxg2+ 19. Kxg2 Bh3+ 20. Kh1 Bxf1
21. exd5 Rb6 22. Ne4 Qa6 23. Qc3 Qd3 24. Ng3 Qxc3 25. Rxc3 Ba6 26. Kg2 Bb7 27.
Nf5 Bf4 28. Kh3 Kd8 29. Kg4 Bc7 30. Ne3 Rb5 31. a4 Ra5 32. d6 Bxd6 33. Nc4 Ra6
34. Nh4 Bd5 35. Nf5 Bb4 36. Rc2 Rxa4 37. Nce3 Be6 38. d5 Ne5+ 39. Kh5 Bd7 40.
Kh6 Bf8+ 41. Kxh7 Rf4 42. Kg8 Bb4 43. Nh6 Ke8 44. d6 Bxd6 45. Nd5 Rf3 0-1

[Event "21st Chicago Open"]
[Site "Wheeling USA"]
[Date "2012.05.26"]
[Round "4"]
[White "Gelashvili, Tamaz"]
[Black "Mikhalevski, Victor"]
[Result "1/2-1/2"]
[WhiteTitle "GM"]
[BlackTitle "GM"]
[WhiteElo "2600"]
[BlackElo "2519"]
[WhiteFideId "13600702"]
[BlackFideId "2801914"]
[EventDate "2012.05.24"]
[EventType "swiss"]

1. e4 e5 2. Nf3 Nc6 3. Bc4 Nf6 4. d3 Be7 5. Nbd2 O-O 6. Bb3 d6 7. c3 h6 8. O-O
Nh7 9. Nc4 Ng5 10. Nxg5 Bxg5 11. f4 exf4 12. Bxf4 Be6 13. d4 b5 14. Ne3 Na5 15.
Bc2 Nc4 16. Nxc4 bxc4 17. d5 Bd7 18. Qd4 Qb8 19. Bxg5 hxg5 20. Rf2 Qxb2 21. Rb1
Qxa2 22. e5 dxe5 23. Qxe5 Qa5 24. Qe7 Ba4 25. Qa3 Bxc2 26. Qxa5 Bxb1 27. Qxc7
Bd3 28. d6 Rac8 29. Qd7 Rcd8 30. Qc6 f5 31. Ra2 Rf6 32. Qd5+ Kh7 33. Ra6 f4 34.
h3 Rd7 35. Kf2 Kg6 36. Qe5 Bf5 37. Qe8+ Kh6 38. Qb8 Bh7 39. Kf3 Bg6 40. h4 gxh4
41. Kg4 h3 42. Kxh3 Bf5+ 43. g4 fxg3+ 44. Kxg3 Kg5 45. Qb4 Kg6 46. Qc5 Re6 47.
Qd5 Rf6 48. Qc5 Re6 49. Kf4 Re4+ 50. Kf3 Re6 51. Qg1+ Kf6 52. Qh2 Be4+ 53. Kf2
Kf7 54. Qh5+ Kg8 55. Kg3 Bb7 56. Rxa7 Rdxd6 57. Rxb7 Rg6+ 58. Kf4 Rgf6+ 59. Ke4
Rfe6+ 1/2-1/2

[Event "21st Chicago Open"]
[Site "Wheeling USA"]
[Date "2012.05.26"]
[Round "4"]
[White "Yang, Darwin"]
[Black "Kacheishvili, Giorgi"]
[Result "1/2-1/2"]
[WhiteTitle "IM"]
[BlackTitle "GM"]
[WhiteElo "2476"]
[BlackElo "2598"]
[WhiteFideId "2029111"]
[BlackFideId "13600613"]
[EventDate "2012.05.24"]
[EventType "swiss"]

1. d4 Nf6 2. c4 e6 3. Nc3 Bb4 4. e3 b6 5. Ne2 c5 6. a3 Ba5 7. Rb1 Na6 8. g3 Bb7
9. d5 b5 10. Bg2 bxc4 11. O-O O-O 12. e4 d6 13. Qa4 exd5 14. Nxd5 Nxd5 15. exd5
Re8 16. Nc3 Bb6 17. Bf4 Nc7 18. Rfe1 Rxe1+ 19. Rxe1 f5 20. h4 h6 21. Bh3 Kh8 22.
Bxf5 Nxd5 23. Bxd6 Nf6 24. Be7 Qe8 25. Qxe8+ Rxe8 26. Bg6 Rb8 27. Bxf6 gxf6 28.
Re8+ Rxe8 29. Bxe8 Bf3 30. Bf7 Bc7 31. Bxc4 Be5 32. Kf1 Kg7 33. Be2 Bc6 34. Bd3
Bf3 35. Na4 Bd4 36. Nc3 a5 1/2-1/2

[Event "21st Chicago Open"]
[Site "Wheeling USA"]
[Date "2012.05.26"]
[Round "4"]
[White "Mulyar, Michael A."]
[Black "Perunovic, Milos"]
[Result "0-1"]
[WhiteTitle "IM"]
[BlackTitle "GM"]
[WhiteElo "2408"]
[BlackElo "2577"]
[WhiteFideId "2008742"]
[BlackFideId "921629"]
[EventDate "2012.05.24"]
[EventType "swiss"]

1. d4 d5 2. c4 e6 3. Nf3 c5 4. cxd5 exd5 5. g3 Nf6 6. Bg2 Be7 7. dxc5 Bxc5 8.
O-O O-O 9. Bg5 Nc6 10. Nc3 d4 11. Bxf6 Qxf6 12. Nd5 Qd8 13. Nd2 Re8 14. Rc1 Bb6
15. Nc4 Bg4 16. Re1 Ba5 17. Nxa5 Qxa5 18. b4 Nxb4 19. Qd2 Nc6 20. Qxa5 Nxa5 21.
Nc7 d3 22. exd3 Rxe1+ 23. Rxe1 Rd8 24. h3 Bd7 25. d4 Kf8 26. d5 Nc4 27. Bf1 Nd6
28. Ne6+ Bxe6 29. dxe6 Re8 30. Rc1 Rxe6 31. Bg2 Re2 32. a4 Ke8 33. Rb1 b6 34. a5
bxa5 35. Rb8+ Kd7 36. Ra8 Re1+ 37. Bf1 Nc8 38. Kg2 Rxf1 0-1

[Event "21st Chicago Open"]
[Site "Wheeling USA"]
[Date "2012.05.26"]
[Round "4"]
[White "Menon, Gopal S"]
[Black "Amanov, Zhanibek"]
[Result "0-1"]
[BlackTitle "IM"]
[WhiteElo "2180"]
[BlackElo "2401"]
[WhiteFideId "2017482"]
[BlackFideId "13700189"]
[EventDate "2012.05.24"]
[EventType "swiss"]

1. e4 e5 2. Nf3 Nc6 3. d4 exd4 4. Nxd4 Nf6 5. Nxc6 bxc6 6. Bd3 d5 7. e5 Ng4 8.
O-O Qh4 9. h3 Nxe5 10. Qe1 Qe7 11. Qc3 f6 12. Bf4 Bd7 13. Bxe5 fxe5 14. Bf5 Qf6
15. Bxd7+ Kxd7 16. Nd2 Bd6 17. Rad1 Rhf8 18. g3 Rab8 19. Qe3 Rxb2 20. c4 Rxa2
21. cxd5 cxd5 22. Qb3 Ra5 23. Qb7 a6 24. Nb3 Rb5 25. Qxa6 Rfb8 26. Nc1 e4 27.
Ne2 Be5 28. Qa4 Ke7 29. Qc2 Rb2 30. Qc5+ Qd6 31. Qe3 R8b3 32. Qg5+ Qf6 33. Qh5
c6 34. Rde1 h6 35. Qg4 Qe6 36. Qh4+ Kf7 37. Nc1 Rf3 0-1

[Event "21st Chicago Open"]
[Site "Wheeling USA"]
[Date "2012.05.26"]
[Round "4"]
[White "Troff, Kayden W"]
[Black "Shabalov, Alexander"]
[Result "0-1"]
[WhiteTitle "FM"]
[BlackTitle "GM"]
[WhiteElo "2276"]
[BlackElo "2534"]
[WhiteFideId "2047896"]
[BlackFideId "2008572"]
[EventDate "2012.05.24"]
[EventType "swiss"]

1. d4 Nf6 2. c4 e6 3. Nf3 c5 4. d5 exd5 5. cxd5 d6 6. Nc3 a6 7. a4 g6 8. Bf4 Bg7
9. h3 O-O 10. e3 Qe7 11. Bd3 Nbd7 12. Qb3 Nh5 13. Bh2 f5 14. O-O g5 15. Nd2 g4
16. hxg4 fxg4 17. Nce4 Be5 18. f4 gxf3 19. Nxf3 Bxh2+ 20. Nxh2 Ndf6 21. Nxf6+
Rxf6 22. Rxf6 Nxf6 23. e4 Bg4 24. Rf1 Bh5 25. Bc2 Rf8 26. Qg3+ Bg6 27. Ng4 Nxg4
28. Rxf8+ Kxf8 29. Qxg4 Kg7 30. b3 Qe5 31. Qd7+ Kh6 32. Qg4 b5 33. axb5 axb5 34.
Qh3+ Kg5 35. Qe3+ Qf4 36. Qe2 h5 37. Bd3 b4 38. Qe1 h4 39. Kh1 Bh5 40. Qa1 h3
41. Qg7+ Bg6 42. Qb2 Qe3 43. Bb1 Qc3 44. Qa2 Qe1+ 45. Kh2 Kh4 0-1

[Event "21st Chicago Open"]
[Site "Wheeling USA"]
[Date "2012.05.26"]
[Round "4"]
[White "Amanov, Mesgen"]
[Black "Shetty, Atulya"]
[Result "1-0"]
[WhiteTitle "GM"]
[WhiteElo "2518"]
[BlackElo "2219"]
[WhiteFideId "14000652"]
[BlackFideId "2031213"]
[EventDate "2012.05.24"]
[EventType "swiss"]

1. d4 Nf6 2. c4 e6 3. Nf3 Bb4+ 4. Nbd2 d6 5. e3 O-O 6. Be2 Qe7 7. O-O Bxd2 8.
Qxd2 e5 9. b3 e4 10. Ne1 Bf5 11. Nc2 Nbd7 12. Bb2 c6 13. Qb4 b6 14. Qa4 Rfc8 15.
Nb4 c5 16. Nc2 Nf8 17. Rad1 Ng6 18. Rd2 Nh4 19. Rfd1 Ng4 20. Ne1 Qg5 21. dxc5
dxc5 22. Qa6 h6 23. Qb7 Kh7 24. g3 Ng6 25. Rd5 Rf8 26. Ng2 Rab8 27. Qxa7 Ra8 28.
Qxb6 Rxa2 29. Qxc5 Ne7 30. h4 Qg6 31. Qxe7 Rxb2 32. Nf4 Qb6 33. Qxf8 Nxf2 34.
Kxf2 Bg4 35. Rd8 Rxe2+ 36. Nxe2 Qxb3 37. Qg8+ Kg6 38. R8d6+ 1-0

[Event "21st Chicago Open"]
[Site "Wheeling USA"]
[Date "2012.05.26"]
[Round "4"]
[White "Aliyev, Timur"]
[Black "Perelshteyn, Eugene"]
[Result "0-1"]
[BlackTitle "GM"]
[WhiteElo "2258"]
[BlackElo "2526"]
[WhiteFideId "2804956"]
[BlackFideId "2012529"]
[EventDate "2012.05.24"]
[EventType "swiss"]

1. e4 c5 2. Nc3 g6 3. d4 cxd4 4. Qxd4 Nf6 5. f4 Nc6 6. Qf2 d5 7. e5 d4 8. exf6
dxc3 9. bxc3 exf6 10. Bd3 f5 11. Ne2 Bg7 12. Ba3 Qa5 13. Qc5 Qxc5 14. Bxc5 b6
15. Bb5 Bd7 16. Bd6 a6 17. Bd3 Be6 18. a4 Kd7 19. Ba3 Kc7 20. Kf2 Na5 21. Nd4
Bc4 22. Rae1 Rhe8 23. Rxe8 Rxe8 24. Ne2 Rd8 25. Ke3 Bd5 26. Kf2 Nc4 27. Bc1 Nd6
28. Be3 Ne4+ 29. Bxe4 Bxe4 30. Bd4 Bf8 31. Rb1 Bc5 32. Rb2 Kc6 33. g3 a5 34. Ke3
Re8 35. Kf2 Bd5 36. Bxc5 bxc5 37. c4 Bxc4 38. Nc3 f6 39. Rb1 g5 40. Re1 Rb8 41.
Ke3 h5 42. Rd1 Rh8 43. fxg5 fxg5 44. h4 Re8+ 45. Kf3 f4 46. gxf4 g4+ 47. Kf2 g3+
48. Kg1 Rf8 49. Nb5 Bxb5 50. axb5+ Kxb5 51. Rb1+ Kc4 52. Ra1 Kb4 53. Rb1+ Kc3
54. Rb5 Kd4 55. c3+ Kd5 0-1

[Event "21st Chicago Open"]
[Site "Wheeling USA"]
[Date "2012.05.26"]
[Round "4"]
[White "Abrahamyan, Tatev"]
[Black "Coraretti, Benjamin"]
[Result "1-0"]
[WhiteTitle "WGM"]
[WhiteElo "2329"]
[BlackElo "2066"]
[WhiteFideId "13301918"]
[BlackFideId "2024306"]
[EventDate "2012.05.24"]
[EventType "swiss"]

1. e4 e5 2. Nf3 Nc6 3. Bc4 Bc5 4. O-O d6 5. c3 Nf6 6. d3 a6 7. Bb3 Ba7 8. Nbd2
O-O 9. h3 Ne7 10. Re1 Ng6 11. Nf1 Nh5 12. Be3 Nhf4 13. Bxa7 Rxa7 14. Ne3 Qf6 15.
d4 Re8 16. dxe5 dxe5 17. Nd5 Nxd5 18. exd5 Ra8 19. Re3 Bd7 20. Nd2 Nf4 21. Qf3
Qg6 22. Kh2 c6 23. c4 b5 24. Rae1 cxd5 25. cxd5 f6 26. Ne4 Rad8 27. Nc5 Bc8 28.
d6+ Kh8 29. d7 Bxd7 30. Nxd7 Nxg2 31. Nxe5 Rxe5 32. Qxg2 Rg5 33. Qc6 h5 34. Bc2
f5 35. Qxg6 Rxg6 36. Re8+ 1-0

[Event "21st Chicago Open"]
[Site "Wheeling USA"]
[Date "2012.05.26"]
[Round "4"]
[White "Aung Thant Zin"]
[Black "Gauri, Shankar"]
[Result "0-1"]
[WhiteTitle "FM"]
[BlackTitle "FM"]
[WhiteElo "2299"]
[BlackElo "2307"]
[WhiteFideId "13000063"]
[BlackFideId "5041350"]
[EventDate "2012.05.24"]
[EventType "swiss"]

1. e4 c5 2. Nf3 Nc6 3. Bb5 e6 4. Bxc6 bxc6 5. e5 f6 6. O-O fxe5 7. Nxe5 Nf6 8.
f4 Be7 9. b3 Qc7 10. Bb2 d6 11. Nc4 O-O 12. Nc3 Nd5 13. g3 Bf6 14. Ne4 Bxb2 15.
Nxb2 Nf6 16. Qe2 Nxe4 17. Qxe4 Rf6 18. c4 Bd7 19. Rad1 Be8 20. d4 Bg6 21. Qe3
cxd4 22. Qxd4 e5 23. fxe5 dxe5 24. Qe3 Rxf1+ 25. Kxf1 e4 26. Rd2 Qe5 27. Nd1
Rf8+ 28. Ke1 Bh5 29. Qc3 Qg5 30. Qe3 Qf5 31. Rf2 Bf3 32. Qc3 Qg5 33. Ne3 h5 34.
c5 h4 35. g4 Rd8 36. Rd2 Rxd2 37. Kxd2 Qf4 38. Qd4 Qxh2+ 39. Kc3 Qc7 40. Nf5 h3
41. Qd6 Qa5+ 42. Kb2 Bxg4 43. Ne7+ Kh8 44. Qb8+ Kh7 45. Qf4 Qe1 46. Qxg4 Qf2+
47. Kb1 Qf1+ 0-1

[Event "21st Chicago Open"]
[Site "Wheeling USA"]
[Date "2012.05.26"]
[Round "4"]
[White "Williams, John M"]
[Black "Iwu, Okechukwu N"]
[Result "1-0"]
[WhiteElo "2111"]
[BlackElo "2161"]
[WhiteFideId "2046636"]
[BlackFideId "2020718"]
[EventDate "2012.05.24"]
[EventType "swiss"]

1. e4 e6 2. d4 d5 3. Nc3 Bb4 4. e5 Ne7 5. Bd2 b6 6. f4 Qd7 7. a4 Nf5 8. Nf3 Ba6
9. Bxa6 Nxa6 10. Qe2 Nb8 11. g4 Ne7 12. Rg1 Nbc6 13. Qa6 Qc8 14. Qxc8+ Rxc8 15.
Nd1 Bxd2+ 16. Kxd2 Na5 17. b4 Nc4+ 18. Ke2 Ng6 19. f5 Nf4+ 20. Ke1 c5 21. dxc5
bxc5 22. b5 O-O 23. Nc3 Rfe8 24. f6 Ng6 25. fxg7 Kxg7 26. Ke2 Ncxe5 27. Nxe5
Nxe5 28. a5 Rb8 29. b6 axb6 30. a6 Nc6 31. Nb5 Nd4+ 32. Nxd4 cxd4 33. Kd3 e5 34.
Rgb1 Re6 35. g5 Rc6 36. Rb5 Rd6 37. h4 h6 38. gxh6+ Kxh6 39. a7 Ra8 40. Rbb1 f6
41. Rf1 Kh5 42. Rf5+ Kg6 43. Rf2 Rc6 44. Rg1+ Kf7 45. Rfg2 Rc3+ 46. Kd2 e4 47.
Rg8 Rcc8 48. R1g7+ Ke6 49. Rxc8 Rxc8 50. Rb7 Ra8 51. h5 Kf5 52. h6 Kf4 53. h7
Kf3 54. Rb8 e3+ 55. Kd3 e2 56. h8=Q e1=Q 57. Qxf6+ Kg2 58. Qg5+ Kf3 59. Qxd5+
Kg3 60. Rxa8 Qc3+ 61. Ke4 Qxc2+ 62. Kxd4 Qb2+ 63. Ke4 Qb4+ 64. Qd4 1-0

[Event "21st Chicago Open"]
[Site "Wheeling USA"]
[Date "2012.05.26"]
[Round "4"]
[White "Nikhilesh, Kumar K."]
[Black "Coleman, Teddy"]
[Result "0-1"]
[WhiteTitle "FM"]
[BlackTitle "FM"]
[WhiteElo "2250"]
[BlackElo "2407"]
[WhiteFideId "5012554"]
[BlackFideId "2022010"]
[EventDate "2012.05.24"]
[EventType "swiss"]

1. e4 c6 2. d4 d5 3. exd5 cxd5 4. c4 Nf6 5. Nc3 e6 6. Nf3 Bb4 7. a3 Bxc3+ 8.
bxc3 O-O 9. Qc2 Nbd7 10. Bd3 dxc4 11. Bxc4 Qc7 12. Bd3 b6 13. O-O Bb7 14. Ng5 h6
15. Nh7 Rfc8 16. Nxf6+ Nxf6 17. Bd2 Ng4 18. g3 Nf6 19. f3 a6 20. a4 Bd5 21. Rab1
Qb7 22. Kg2 Bc4 23. Bxc4 Rxc4 24. Qb3 Qd5 25. Qxb6 Rxa4 26. Qc7 Ra2 27. Rf2 Ng4
28. Re2 Ne3+ 29. Kf2 Nc4 30. Bc1 Rxe2+ 31. Kxe2 a5 32. Rb8+ Rxb8 33. Qxb8+ Kh7
34. Qc7 f5 35. Qc5 a4 36. Qb4 Qc6 37. Kd3 Nb6 38. Kc2 Nc4 39. Bf4 Qa6 40. Kb1
Nb6 41. Be5 Nd5 42. Qf8 Qd3+ 43. Ka1 Qxc3+ 44. Kb1 Qb3+ 45. Ka1 Qb7 46. Qc5 Ne3
47. Qc3 Qxf3 48. Qc7 Qd1+ 49. Kb2 Qb3+ 50. Kc1 Qc4+ 51. Kb2 Qxc7 52. Bxc7 g5 53.
Ka3 Nc2+ 54. Kxa4 Nxd4 55. Kb4 0-1

[Event "21st Chicago Open"]
[Site "Wheeling USA"]
[Date "2012.05.26"]
[Round "5"]
[White "Yang, Darwin"]
[Black "Gelashvili, Tamaz"]
[Result "0-1"]
[WhiteTitle "IM"]
[BlackTitle "GM"]
[WhiteElo "2476"]
[BlackElo "2600"]
[WhiteFideId "2029111"]
[BlackFideId "13600702"]
[EventDate "2012.05.24"]
[EventType "swiss"]

1. d4 Nf6 2. c4 e6 3. Nc3 Bb4 4. e3 O-O 5. Ne2 Re8 6. a3 Bf8 7. d5 d6 8. g3 exd5
9. cxd5 c5 10. Bg2 Nbd7 11. O-O a6 12. a4 Qc7 13. Qc2 Rb8 14. a5 b5 15. axb6
Qxb6 16. Ra3 Ne5 17. b3 g6 18. h3 Bg7 19. Bd2 Qb4 20. Nb1 Qb5 21. Nbc3 Qd3 22.
Qd1 Qf5 23. f4 Nd3 24. e4 Qh5 25. g4 Nxg4 26. hxg4 Bxg4 27. Be3 Bxc3 28. Qxd3
Bxe2 29. Qxc3 Bxf1 30. Kxf1 Rb4 31. Rxa6 Qd1+ 32. Kf2 Rxb3 33. Ra1 Qxd5 34. exd5
Rxc3 35. Re1 f5 36. Bf1 Kf7 37. Bb5 Re7 38. Bd2 Rxe1 39. Bxc3 Re4 40. Kf3 Ke7
41. Bc6 h6 42. Bg7 g5 43. Bxh6 Rxf4+ 44. Ke3 Re4+ 45. Kf3 g4+ 46. Kg3 c4 47.
Bg5+ Kf7 48. Bb5 Kg6 49. Bf4 c3 50. Bd3 Rd4 51. Bc2 Rxd5 52. Kf2 Kf6 53. Ke2 Rd4
54. Ke3 Rd2 55. Bd3 d5 56. Kd4 Rf2 0-1

[Event "21st Chicago Open"]
[Site "Wheeling USA"]
[Date "2012.05.26"]
[Round "5"]
[White "Kacheishvili, Giorgi"]
[Black "Managadze, Nikoloz"]
[Result "1-0"]
[WhiteTitle "GM"]
[BlackTitle "IM"]
[WhiteElo "2598"]
[BlackElo "2472"]
[WhiteFideId "13600613"]
[BlackFideId "13600575"]
[EventDate "2012.05.24"]
[EventType "swiss"]

1. d4 d6 2. Nc3 g6 3. g3 Bg7 4. Bg2 c6 5. e4 Nf6 6. h3 O-O 7. Nge2 e5 8. Be3
Nbd7 9. a4 Re8 10. O-O Qc7 11. g4 Nf8 12. Qd2 Be6 13. d5 Bc8 14. Ng3 c5 15. b4
b6 16. a5 Ba6 17. b5 Bb7 18. a6 Bc8 19. Bf3 Kh8 20. Kg2 Bd7 21. Rh1 Qc8 22. Be2
Ng8 23. Rag1 h6 24. Kf1 Nh7 25. h4 Bf8 26. g5 h5 27. Ke1 Ne7 28. Kd1 Bg7 29. Kc1
Rf8 30. f4 exf4 31. Bxf4 Qc7 32. e5 Nf5 33. exd6 Qc8 34. Nxf5 Bxf5 35. Re1 Rd8
36. Bc4 Bf8 37. Re7 Rd7 38. Rhe1 Kg8 39. R1e3 Qb8 40. Bg3 Qd8 41. Qe1 Qc8 42.
Kb2 Rb8 43. Kb3 Ra8 44. Bf4 Qb8 45. Ne2 Bg4 46. Bg3 Rxd6 47. Qf2 Bxe7 48. Rxe7
Bf5 49. Qh2 Rd7 50. Rxd7 Qe8 51. Rb7 Qe3+ 52. Nc3 Nf8 53. Rb8 Rxb8 54. Bxb8 Nd7
55. Bxa7 Ne5 56. Qe2 Qd4 57. Bxb6 Bxc2+ 58. Kxc2 Nxc4 59. Qxc4 1-0